Spravovanie verzus manažovanie vo verejnej správe

Poslanie verejného spravovania a princípy jeho fungovania. Poslanie a obsah manažmentu. Manažment vo verejnom sektore. Úradník verzus manažér. Faktory, ktoré spôsobujú odlišnosti v konaní verejných a súkromných organizácií a ktoré determinujú obsah a štýl manažmentu.

Saved in:
Bibliographic Details
Main Author: Slávik, Štefan, 1955-
Format: Book Chapter
Language:Slovak
Subjects:
Tags: Add Tag
No Tags, Be the first to tag this record!

MARC

LEADER 00000naa a2200000 4500
001 0150186
005 20240502072712.6
041 0 |a slo 
044 |a SK 
245 1 0 |a Spravovanie verzus manažovanie vo verejnej správe  |c Štefan Slávik 
520 |a Poslanie verejného spravovania a princípy jeho fungovania. Poslanie a obsah manažmentu. Manažment vo verejnom sektore. Úradník verzus manažér. Faktory, ktoré spôsobujú odlišnosti v konaní verejných a súkromných organizácií a ktoré determinujú obsah a štýl manažmentu. 
610 2 0 |a štýl vedenia 
610 2 0 |a manažment 
610 2 0 |a manažment verejnej správy 
610 2 0 |a správa verejná 
610 2 0 |a sektor verejný 
610 2 0 |a administratíva 
100 1 |a Slávik, Štefan, 1955-